[Event "8th Sharjah Masters 2025"]
[Site "Sharjah UAE"]
[Date "2025.05.18"]
[Round "2.24"]
[White "Gupta, Abhijeet"]
[Black "Ohanyan, Emin"]
[Result "0-1"]
[WhiteTitle "GM"]
[BlackTitle "GM"]
[WhiteElo "2577"]
[BlackElo "2503"]
[WhiteFideId "5010608"]
[BlackFideId "13312022"]
[EventDate "2025.05.17"]

1. d4 d5 2. c4 c6 3. Nf3 Nf6 4. e3 Bf5 5. Nc3 e6 6. Nh4 Bg6 7. Nxg6 hxg6 8. Bd2
Nbd7 9. Qb3 Qc7 10. h4 g5 11. cxd5 exd5 12. h5 g6 13. e4 Nb6 14. e5 Rxh5 15.
Rxh5 Nxh5 16. Bxg5 Ng7 17. Rc1 Ne6 18. Be3 Qe7 19. Be2 O-O-O 20. a4 Qh4 21. a5
Bh6 22. g3 Qh1+ 23. Kd2 Nxd4 24. Rxh1 Nxb3+ 25. Kc2 Bxe3 26. Kxb3 Bxf2 27. axb6
axb6 28. Bg4+ Kb8 29. Ne2 Re8 30. Rf1 Bc5 31. Rf3 f5 32. Rxf5 Rxe5 33. Rf7 b5
34. Kc2 g5 35. Bf3 Re7 36. Nc1 g4 37. Rf5 Bd6 38. Bd1 Re6 39. Ne2 Re3 40. Rf6
Bxg3 41. Kd2 d4 42. Rf8+ Ka7 43. Nxd4 Re7 44. Kc2 Be5 45. Nf5 Rh7 46. Bxg4 Rh2+
47. Kd3 Rxb2 48. Re8 Rb3+ 49. Kc2 Rb2+ 50. Kc1 Rb4 51. Be2 Bc7 52. Re7 Kb6 53.
Rd7 Rf4 54. Ne7 Rf8 55. Ng6 Rg8 56. Bh5 Rd8 57. Rf7 Bd6 58. Bg4 c5 59. Bf3 c4
60. Rxb7+ Kc5 61. Rf7 Kd4 62. Rf5 b4 63. Kb2 b3 64. Rb5 Bg3 65. Rg5 Be1 66. Ne7
c3+ 67. Kxb3 Rb8+ 68. Kc2 Rb2+ 69. Kd1 Rb1+ 70. Kc2 Rb2+ 71. Kd1 Ke3 72. Bh5 c2+
73. Kc1 Bd2+ 74. Kxb2 c1=Q+ 75. Ka2 Qc4+ 76. Kb2 Bc3+ 0-1

[Event "8th Sharjah Masters 2025"]
[Site "Sharjah UAE"]
[Date "2025.05.18"]
[Round "2.25"]
[White "Bai, Jinshi"]
[Black "Huang, Renjie"]
[Result "1/2-1/2"]
[WhiteTitle "GM"]
[WhiteElo "2572"]
[BlackElo "2491"]
[WhiteFideId "8602280"]
[BlackFideId "8610134"]
[EventDate "2025.05.17"]

1. d4 d5 2. c4 dxc4 3. e3 e5 4. Bxc4 exd4 5. exd4 Bd6 6. Nf3 Nf6 7. Qe2+ Qe7 8.
Qxe7+ Bxe7 9. O-O O-O 10. Nc3 Nbd7 11. Re1 Bd6 12. Bg5 Nb6 13. Bb3 a5 14. a3 a4
15. Ba2 Bd7 16. Bxf6 gxf6 17. Ne4 Kg7 18. Rac1 Rfe8 19. Nxd6 cxd6 20. h4 1/2-1/2

[Event "8th Sharjah Masters 2025"]
[Site "Sharjah UAE"]
[Date "2025.05.18"]
[Round "2.26"]
[White "Amar, Elham"]
[Black "Xiao, Tong(QD)"]
[Result "1/2-1/2"]
[WhiteTitle "GM"]
[BlackTitle "GM"]
[WhiteElo "2569"]
[BlackElo "2493"]
[WhiteFideId "1533533"]
[BlackFideId "8622388"]
[EventDate "2025.05.17"]

1. e4 c5 2. Nf3 e6 3. d4 cxd4 4. Nxd4 a6 5. h3 Nf6 6. Bd3 Qc7 7. O-O Bc5 8. Nb3
Ba7 9. c4 O-O 10. Nc3 Nc6 11. Qe2 Ne5 12. Bf4 d6 13. Rac1 Bd7 14. Bg5 Rac8 15.
Bxf6 gxf6 16. Kh1 Kh8 17. f4 Nxd3 18. Qxd3 Qxc4 19. Qxd6 Qc7 20. Nb5 Qxd6 21.
Nxd6 Rxc1 22. Rxc1 Bc6 23. Nc5 Bxc5 24. Rxc5 Kg7 25. Rc2 Rd8 1/2-1/2

[Event "8th Sharjah Masters 2025"]
[Site "Sharjah UAE"]
[Date "2025.05.18"]
[Round "2.27"]
[White "Klimkowski, Jan"]
[Black "Can, Emre"]
[Result "1-0"]
[WhiteTitle "GM"]
[BlackTitle "GM"]
[WhiteElo "2503"]
[BlackElo "2568"]
[WhiteFideId "21856222"]
[BlackFideId "6302181"]
[EventDate "2025.05.17"]

1. d4 d5 2. c4 e6 3. Nc3 Nf6 4. cxd5 exd5 5. Bg5 Bb4 6. Qb3 c5 7. dxc5 Qa5 8.
Bxf6 gxf6 9. a3 Bxc3+ 10. bxc3 Na6 11. e3 Nxc5 12. Qb4 Qc7 13. Bb5+ Kf8 14. Ne2
Rg8 15. O-O a6 16. Bd3 a5 17. Qb1 b6 18. Bxh7 Rg5 19. Ng3 Be6 20. Bc2 Ke7 21. e4
dxe4 22. Bxe4 Rc8 23. Bf5 Na4 24. Bxe6 fxe6 25. Qh7+ Kf8 26. Qh4 Nxc3 27. f4 Rg6
28. f5 exf5 29. Rxf5 Qc6 30. Rf3 Kg8 31. Raf1 Nd5 32. Nf5 Qc5+ 33. Kh1 Qc2 34.
Qh3 Rg5 35. Nd4 Qc4 36. Qe6+ Kg7 37. Nf5+ Kg6 38. Nd6 Nf4 39. Qxc4 1-0

[Event "8th Sharjah Masters 2025"]
[Site "Sharjah UAE"]
[Date "2025.05.18"]
[Round "2.28"]
[White "Rohith, Krishna S"]
[Black "Ahmadzada, Ahmad"]
[Result "0-1"]
[WhiteTitle "IM"]
[BlackTitle "GM"]
[WhiteElo "2490"]
[BlackElo "2564"]
[WhiteFideId "46617051"]
[BlackFideId "13413007"]
[EventDate "2025.05.17"]

1. d4 Nf6 2. c4 e6 3. Nf3 c5 4. d5 d6 5. Nc3 exd5 6. cxd5 g6 7. Nd2 Bg7 8. e4
O-O 9. Be2 Re8 10. O-O Nbd7 11. h3 g5 12. Re1 Ne5 13. Nf1 h6 14. Ng3 a6 15. a4
g4 16. Kh2 Nh7 17. Rh1 Qh4 18. Kg1 gxh3 19. Nh5 Ng4 20. Rxh3 Qxf2+ 21. Kh1 Bxc3
22. Bxg4 Rxe4 23. Be3 Rxe3 24. Rxe3 Qxe3 25. bxc3 Qe4 26. Bf3 Qh4+ 27. Kg1 Bf5
28. Qb3 Ng5 29. Be2 Re8 30. Qc4 Re4 31. Nf6+ Kg7 32. Nxe4 Bxe4 33. Rf1 Qg3 0-1

[Event "8th Sharjah Masters 2025"]
[Site "Sharjah UAE"]
[Date "2025.05.18"]
[Round "2.29"]
[White "Sankalp, Gupta"]
[Black "Nigmatov, Ortik"]
[Result "0-1"]
[WhiteTitle "GM"]
[BlackTitle "GM"]
[WhiteElo "2559"]
[BlackElo "2457"]
[WhiteFideId "5097010"]
[BlackFideId "14202131"]
[EventDate "2025.05.17"]

1. e4 c5 2. Nf3 d6 3. d4 cxd4 4. Qxd4 Nc6 5. Qe3 g6 6. h3 Bg7 7. Be2 Nf6 8. O-O
O-O 9. Rd1 Be6 10. Nc3 Qb6 11. Qxb6 axb6 12. a3 Nd7 13. Nd5 Nc5 14. Nxb6 Ra7 15.
Ng5 Nd4 16. Rd2 h6 17. Nxe6 fxe6 18. f3 Ndb3 19. cxb3 Nxb3 20. Bc4 Nxa1 21.
Bxe6+ Kh7 22. Bc4 Nc2 23. Nd7 Rc8 24. Rxc2 Bd4+ 25. Kf1 Kg7 26. Ke2 b5 27. Nf8
Kxf8 28. Bxh6+ Bg7 29. Bxg7+ Kxg7 30. Bd3 Rxc2+ 31. Bxc2 Kf6 32. Kd2 Ke5 33. Kc3
Rc7+ 34. Kb3 Kd4 35. e5 g5 36. exd6 exd6 37. Bf5 Kc5 38. Kc3 Re7 39. Kd2 Kd4 40.
Bd3 Re3 41. Bf1 b4 42. a4 Re5 43. Be2 b3 44. g3 Rc5 45. Bd3 Ra5 46. Bb5 Ra7 47.
f4 gxf4 48. gxf4 Rf7 49. Be2 Rxf4 50. a5 Rf5 51. a6 Ra5 52. Bd1 Ra2 53. Kc1 Ra1+
54. Kd2 Rb1 55. Bxb3 Rxb2+ 56. Bc2 Ra2 57. h4 Rxa6 58. h5 Ra3 59. h6 Rh3 60. h7
Rh2+ 61. Ke1 Ke3 62. Kf1 d5 0-1

[Event "8th Sharjah Masters 2025"]
[Site "Sharjah UAE"]
[Date "2025.05.18"]
[Round "2.30"]
[White "Pranav, Anand"]
[Black "Seemann, Jakub"]
[Result "1-0"]
[WhiteTitle "GM"]
[BlackTitle "IM"]
[WhiteElo "2555"]
[BlackElo "2453"]
[WhiteFideId "46626786"]
[BlackFideId "21874697"]
[EventDate "2025.05.17"]

1. e4 c5 2. Nf3 d6 3. d4 cxd4 4. Nxd4 Nf6 5. Nc3 a6 6. Be2 e5 7. Nb3 Be7 8. h4
Be6 9. f4 b5 10. g4 b4 11. Nd5 Nxd5 12. exd5 Bc8 13. g5 a5 14. Be3 O-O 15. Bd3
exf4 16. Bxf4 Re8 17. O-O Bf8 18. Qf3 Ra7 19. Nd4 g6 20. h5 Qb6 21. Qf2 Ba6 22.
Rae1 Rxe1 23. Rxe1 Bxd3 24. Re8 Nd7 25. cxd3 Nc5 26. Nc6 Qc7 27. Qd4 Ne6 28.
Rxf8+ 1-0

[Event "8th Sharjah Masters 2025"]
[Site "Sharjah UAE"]
[Date "2025.05.18"]
[Round "2.31"]
[White "Pang, Tao"]
[Black "Sanal, Vahap"]
[Result "0-1"]
[WhiteTitle "IM"]
[BlackTitle "GM"]
[WhiteElo "2485"]
[BlackElo "2555"]
[WhiteFideId "8609950"]
[BlackFideId "6300545"]
[EventDate "2025.05.17"]

1. Nf3 Nf6 2. c4 e6 3. Nc3 b6 4. g3 Bb7 5. Bg2 Bb4 6. O-O O-O 7. Qc2 a5 8. b3
Re8 9. Bb2 d5 10. e3 Nbd7 11. d4 Rc8 12. Rfd1 c6 13. a3 Be7 14. e4 dxe4 15. Ng5
e3 16. fxe3 Qc7 17. Rf1 h6 18. Nge4 Nxe4 19. Qxe4 Nf6 20. Qf3 Ba8 21. e4 e5 22.
dxe5 Qxe5 23. Na4 Qe6 24. e5 Nd7 25. Qh5 Bg5 26. Rad1 Nxe5 27. Rfe1 Qg4 28. Qxg4
Nxg4 29. Bf3 Ne3 30. Rd7 Nc2 31. Rxe8+ Rxe8 32. h4 Be3+ 33. Kh2 b5 34. Nc3 bxc4
35. bxc4 c5 36. Nd5 Bd4 37. Bc1 Ne1 38. Ne7+ Rxe7 39. Rd8+ Kh7 40. Bxa8 Re2+ 41.
Kh3 h5 42. g4 Nd3 43. Bf3 Nf2+ 44. Kg3 Rc2 45. Bf4 hxg4 46. Bd5 Rc3+ 47. Kg2 Nd3
48. Be4+ g6 49. Bxd3 Rxd3 50. Be5 Rd2+ 51. Kh1 Rd1+ 52. Kg2 f6 53. Bxf6 Rg1+ 54.
Kh2 g3+ 0-1

[Event "8th Sharjah Masters 2025"]
[Site "Sharjah UAE"]
[Date "2025.05.18"]
[Round "2.32"]
[White "Gavrilescu, David"]
[Black "Siddharth, Jagadeesh"]
[Result "1/2-1/2"]
[WhiteTitle "GM"]
[BlackTitle "GM"]
[WhiteElo "2554"]
[BlackElo "2472"]
[WhiteFideId "1227190"]
[BlackFideId "5818320"]
[EventDate "2025.05.17"]

1. e4 d6 2. d4 Nf6 3. Nc3 e5 4. Nge2 c6 5. a4 Be7 6. g3 exd4 7. Qxd4 d5 8. exd5
cxd5 9. Bg2 Nc6 10. Qd1 O-O 11. O-O Bf5 12. Bg5 Nb4 13. Bxf6 Bxf6 14. Nxd5 Nxd5
15. Bxd5 Bg4 16. f3 Bh3 17. Re1 Qb6+ 18. Kh1 Rad8 19. c4 Bf5 20. g4 Bc8 21. Rb1
Kh8 22. Ng3 Be6 23. Re2 Bg5 24. Qd3 Qa5 25. Re5 Bf6 26. Qxh7+ Kxh7 27. Be4+ g6
28. Rxa5 b6 29. Rxa7 Bxc4 30. b4 Kg7 31. Rc7 Ba2 32. Re1 Rd4 33. a5 bxa5 34.
bxa5 Ra4 35. Ra7 Rh8 36. Ra8 Rxa8 37. Bxa8 Rxa5 38. Be4 Be6 39. Re2 Ra1+ 40. Kg2
Bd4 41. Rc2 Rg1+ 42. Kh3 Be5 43. Ne2 Re1 44. Kg2 1/2-1/2

[Event "8th Sharjah Masters 2025"]
[Site "Sharjah UAE"]
[Date "2025.05.18"]
[Round "2.33"]
[White "Oro, Faustino"]
[Black "Muradli, Mahammad"]
[Result "1-0"]
[WhiteTitle "IM"]
[BlackTitle "GM"]
[WhiteElo "2454"]
[BlackElo "2603"]
[WhiteFideId "20000197"]
[BlackFideId "13409301"]
[EventDate "2025.05.17"]

1. e4 c5 2. Nf3 d6 3. d4 cxd4 4. Nxd4 Nf6 5. Nc3 a6 6. Bc4 e6 7. Qe2 Be7 8. Bb3
b5 9. a3 O-O 10. Be3 Bb7 11. f3 Nc6 12. O-O-O Na5 13. g4 Rc8 14. Kb1 Nd7 15. h4
Ne5 16. Qe1 Nac4 17. Bc1 Qc7 18. Nce2 Na5 19. Ba2 Nxf3 20. Nxf3 Bxe4 21. Ned4 d5
22. Qe2 e5 23. Nf5 Bxc2+ 24. Ka1 Rfe8 25. Qxe5 Qxe5 26. Nxe5 Bxd1 27. Rxd1 Nc4
28. Nxe7+ Rxe7 29. Nf3 Re4 30. Bb1 Ne3 31. Rg1 Nc2+ 32. Ka2 Re2 33. Rd1 Ne3 34.
Rg1 Nc2 35. Rd1 g6 36. Bg5 Ne3 37. Rg1 Nc4 38. Bc1 Rf2 39. Nd4 Nd2 40. Bd3 Ne4
41. Kb1 Nc5 42. Bf1 Re8 43. Bg2 Nd3 44. Bxd5 Nxc1 45. Rxc1 Rf4 46. Nf3 Rd8 47.
Bb7 Rd7 48. Bc8 Rd6 49. Ne5 Rf2 50. Ka2 Rdd2 51. Rb1 Rfe2 52. Nc6 Rd6 53. Bxa6
Re4 54. Bxb5 Rxg4 55. a4 Rxh4 56. a5 Rh5 57. a6 Rxb5 58. a7 Rd8 59. Nxd8 Ra5+
60. Kb3 Rxa7 61. Kb4 h5 62. Kc5 h4 63. b4 g5 64. b5 Kg7 65. b6 Rd7 66. b7 Rxd8
67. b8=Q Rxb8 68. Rxb8 Kg6 69. Kd4 Kf5 70. Ke3 Kg4 71. Kf2 f5 72. Ra8 Kf4 73.
Ra4+ Ke5 74. Ke3 h3 75. Ra6 g4 76. Ra5+ Kf6 77. Kf4 Kg6 78. Rb5 Kh6 79. Rb6+ Kg7
80. Ra6 Kh7 81. Kg5 Kg8 82. Ra8+ Kf7 83. Rh8 Ke6 84. Rh7 Ke5 85. Re7+ Kd6 86.
Re1 Kd5 1-0

[Event "8th Sharjah Masters 2025"]
[Site "Sharjah UAE"]
[Date "2025.05.18"]
[Round "2.34"]
[White "Aronyak, Ghosh"]
[Black "Pichot, Alan"]
[Result "1/2-1/2"]
[WhiteTitle "IM"]
[BlackTitle "GM"]
[WhiteElo "2514"]
[BlackElo "2587"]
[WhiteFideId "25072846"]
[BlackFideId "110973"]
[EventDate "2025.05.17"]

1. d4 Nf6 2. c4 e6 3. Nc3 Bb4 4. Qc2 d6 5. a3 Bxc3+ 6. Qxc3 O-O 7. Bg5 Re8 8. e3
b6 9. Bd3 Bb7 10. f3 Nbd7 11. Ne2 c5 12. O-O Rc8 13. b4 d5 14. dxc5 bxc5 15.
cxd5 exd5 16. Bf5 Ba6 17. Bxf6 gxf6 18. Qd2 d4 19. e4 Bxe2 20. Qxe2 c4 21. Qf2
d3 22. Qh4 Kf8 23. Qh3 Rc7 24. f4 Nb6 25. e5 Qd4+ 26. Kh1 Nd5 27. Rad1 d2 28.
Qxh7 c3 29. Be4 Ke7 30. Qf5 Kd8 31. Rf3 fxe5 32. h3 Ne7 33. Qh7 f5 34. Rd3 fxe4
35. Qxe4 Rd7 36. Rxd4 exd4 37. Kh2 Nc8 38. Qd3 Re1 39. Rxd2 Re3 40. Qc2 cxd2 41.
Qxd2 d3 42. f5 Re2 43. Qg5+ Kc7 44. f6 Nd6 45. Qa5+ Kb8 46. Qd5 d2 47. f7 Rf2
48. f8=Q+ Rxf8 49. Qxd2 Rff7 50. Qd5 Nc8 51. Qb5+ Kc7 1/2-1/2

[Event "8th Sharjah Masters 2025"]
[Site "Sharjah UAE"]
[Date "2025.05.18"]
[Round "2.35"]
[White "Royal, Shreyas"]
[Black "Samunenkov, Ihor"]
[Result "0-1"]
[WhiteTitle "GM"]
[BlackTitle "GM"]
[WhiteElo "2493"]
[BlackElo "2572"]
[WhiteFideId "448869"]
[BlackFideId "14187086"]
[EventDate "2025.05.17"]

1. d4 d5 2. c4 e6 3. Nf3 Nf6 4. g3 dxc4 5. Bg2 c5 6. O-O Nc6 7. Ne5 Bd7 8. Na3
cxd4 9. Naxc4 Rc8 10. Qb3 Nxe5 11. Nxe5 Bd6 12. Nxd7 Qxd7 13. Rd1 Be5 14. Qxb7
Qxb7 15. Bxb7 Rc7 16. Bf3 Ke7 17. Bf4 Bxf4 18. gxf4 Rb8 19. b3 Rd8 20. Rd2 d3
21. e3 Rc3 22. Rad1 Rd6 23. b4 Nd5 24. Rxd3 Rxd3 25. Rxd3 Nxb4 26. Rb3 Rb6 27.
a3 Na2 28. Rd3 a5 29. Rd4 Rb5 30. Rc4 Rb1+ 31. Kg2 Rc1 32. Rd4 Rc3 33. Ra4 Rc5
34. Rd4 Nc3 35. a4 f6 36. Bb7 h5 37. Kh3 e5 38. fxe5 fxe5 39. Rh4 g6 40. f3 Nd1
41. f4 Nxe3 42. fxe5 Ng4 43. Kg3 Nxe5 44. Rf4 g5 45. Rf5 h4+ 46. Kh3 Rc3+ 47.
Kg2 Rc2+ 48. Kg1 Rc1+ 49. Kg2 Rc2+ 50. Kg1 Rc5 51. Ba6 g4 52. Rf2 Rc3 53. Re2
Kf6 54. Kf2 Kf5 55. Rd2 Nf3 56. Rd5+ Ke4 57. Bb7 Kf4 58. Rxa5 g3+ 59. hxg3+
hxg3+ 60. Kf1 Rc1+ 0-1

[Event "8th Sharjah Masters 2025"]
[Site "Sharjah UAE"]
[Date "2025.05.18"]
[Round "2.36"]
[White "Jumabayev, Rinat"]
[Black "Davtyan, Artur"]
[Result "1/2-1/2"]
[WhiteTitle "GM"]
[BlackTitle "IM"]
[WhiteElo "2551"]
[BlackElo "2485"]
[WhiteFideId "13702661"]
[BlackFideId "13308327"]
[EventDate "2025.05.17"]

1. e4 e5 2. Nf3 Nc6 3. Bc4 Nf6 4. d3 Bc5 5. c3 O-O 6. O-O d5 7. exd5 Nxd5 8. a4
a5 9. Re1 Bg4 10. h3 Bh5 11. Nbd2 Nb6 12. Bb5 Bd6 13. Ne4 Na7 14. d4 Nxb5 15.
axb5 Bxf3 16. Qxf3 exd4 17. Nxd6 Qxd6 18. Rd1 Rfe8 19. Be3 Nc4 20. Rxd4 Qe6 21.
Bf4 c5 22. bxc6 bxc6 23. b3 Nb6 24. Bc7 Nd7 25. c4 h6 26. Rdd1 Ra7 27. Bxa5 Nc5
28. Bb6 Rxa1 29. Rxa1 Ne4 30. Be3 Rb8 31. Bf4 Rd8 32. Re1 Re8 33. Qd3 Qf5 34.
Be3 Re6 35. f3 Qa5 36. Rb1 Nc5 37. Qd2 Qa3 38. Bf2 Rg6 39. h4 Ne6 40. Be3 Qe7
41. Qf2 c5 42. Rd1 Qb7 43. Rd3 h5 44. Qe2 Qb8 45. Qd2 Qg3 46. Qf2 Qe5 47. Rd5
Qc3 48. Rxh5 Qxb3 49. Qe2 Qb1+ 50. Kh2 Qb8+ 51. Kh1 Qd8 52. Qd2 Qe7 53. Qd5 Qa7
54. Qd2 Qa1+ 55. Kh2 Qf1 56. Qa2 Qe1 57. Bf2 Qf1 58. Bxc5 Rxg2+ 59. Qxg2 Qxg2+
60. Kxg2 Nf4+ 61. Kf2 Nxh5 62. Ke3 f6 63. Ke4 Kf7 64. Bd6 Ke6 65. c5 g6 66. Bh2
Ng7 67. c6 Nf5 68. c7 Ne7 69. Kd4 Nf5+ 70. Ke4 Ne7 71. Bg1 Kd7 72. Bd4 Kxc7 73.
Bxf6 Kd6 74. Bxe7+ Kxe7 75. Ke5 Kf7 76. Kf4 Kf6 77. Kg4 Kf7 78. Kg5 Kg7 79. Kg4
Kh6 80. Kg3 Kh5 81. f4 Kh6 82. Kg4 Kh7 83. Kg5 Kg7 1/2-1/2

[Event "8th Sharjah Masters 2025"]
[Site "Sharjah UAE"]
[Date "2025.05.18"]
[Round "2.37"]
[White "Injac, Teodora"]
[Black "Vakhidov, Jakhongir"]
[Result "0-1"]
[WhiteTitle "IM"]
[BlackTitle "GM"]
[WhiteElo "2474"]
[BlackElo "2546"]
[WhiteFideId "932400"]
[BlackFideId "14201801"]
[EventDate "2025.05.17"]

1. d4 Nf6 2. Nf3 d5 3. Bf4 e6 4. e3 c5 5. Nbd2 Qb6 6. Rb1 Bd7 7. c3 cxd4 8. exd4
Bb5 9. Bxb5+ Qxb5 10. a4 Qa6 11. b4 Nbd7 12. h3 Be7 13. b5 Qa5 14. O-O Rc8 15.
Rc1 Nb6 16. Ne5 Qxa4 17. Qe2 a6 18. Ra1 Qxb5 19. Qf3 a5 20. Rfb1 Qa6 21. Qd3
Qxd3 22. Nxd3 Rxc3 23. Rxb6 Rxd3 24. Rxa5 O-O 25. Rxb7 Nh5 26. Be3 Bd6 27. Rd7
Bf4 28. Nf3 0-1

[Event "8th Sharjah Masters 2025"]
[Site "Sharjah UAE"]
[Date "2025.05.18"]
[Round "2.38"]
[White "Raja, Rithvik R"]
[Black "Isik, Alparslan"]
[Result "1/2-1/2"]
[WhiteTitle "GM"]
[BlackTitle "IM"]
[WhiteElo "2545"]
[BlackElo "2482"]
[WhiteFideId "35007394"]
[BlackFideId "34506896"]
[EventDate "2025.05.17"]

1. e4 e5 2. Nf3 Nc6 3. Bc4 Bc5 4. d3 Nf6 5. Nc3 d6 6. Na4 Bb6 7. a3 O-O 8. h3
Be6 9. Bxe6 fxe6 10. O-O Qe8 11. b4 Nh5 12. c3 Nf4 13. Nxb6 axb6 14. g3 Nh5 15.
Kg2 Qg6 16. Nh4 Qf7 17. Ra2 Ne7 18. Re1 h6 19. Be3 g5 20. Nf3 Qg6 21. Nh2 Rf7
22. Qg4 Kh7 23. a4 Ng8 24. Rea1 Re8 25. Qe2 Ref8 26. f3 Nf4+ 27. Bxf4 exf4 28.
g4 Nf6 29. a5 bxa5 30. Rxa5 Kg7 31. Qa2 Re7 32. Ra8 b6 33. Rxf8 Kxf8 34. Qa8+
Qe8 35. Nf1 Qxa8 36. Rxa8+ Kf7 37. d4 c5 38. dxc5 dxc5 39. bxc5 bxc5 40. Nd2 Rb7
41. Nc4 Rb3 42. Ne5+ Ke7 43. Ra7+ Ke8 44. Rf7 Ng8 45. Rg7 Nf6 46. c4 Rb2+ 47.
Kf1 Rd2 48. Rg6 Ke7 49. Rxh6 Rd1+ 50. Ke2 Rh1 51. h4 gxh4 52. g5 Ne8 53. Ng6+
Kf7 54. Nxf4 Ng7 55. Nd3 h3 56. Kf2 h2 57. f4 Kg8 58. Ne5 Kf8 59. Kg2 Re1 60.
Rxh2 Rxe4 61. Rh8+ Ke7 62. Rh7 Kf8 63. Kf3 Re1 64. Nd7+ Kf7 65. Nxc5 e5 66. Nd3
e4+ 67. Kf2 Ra1 68. Nc5 Kg8 69. g6 Rc1 70. Nxe4 Rxc4 71. Nf6+ Kf8 72. Nd7+ Kg8
73. Nf6+ Kf8 74. Kf3 Rc6 75. Rh8+ Ke7 76. Nd5+ Ke6 77. Rh7 Nf5 78. Ne3 Rc3 79.
g7 Rxe3+ 80. Kf2 Rg3 1/2-1/2

[Event "8th Sharjah Masters 2025"]
[Site "Sharjah UAE"]
[Date "2025.05.18"]
[Round "2.39"]
[White "Sychev, Klementy"]
[Black "Divya, Deshmukh"]
[Result "1/2-1/2"]
[WhiteTitle "GM"]
[BlackTitle "IM"]
[WhiteElo "2542"]
[BlackElo "2469"]
[WhiteFideId "4114060"]
[BlackFideId "35006916"]
[EventDate "2025.05.17"]

1. d4 Nf6 2. Nf3 e6 3. c4 Bb4+ 4. Nc3 b6 5. e3 Bb7 6. Bd3 O-O 7. O-O Bxc3 8.
bxc3 d6 9. Qc2 Re8 10. e4 e5 11. Bg5 Nbd7 12. Nd2 h6 13. Bh4 Nf8 14. f3 Ne6 15.
Bf2 Nf4 16. Rfe1 Nxd3 17. Qxd3 Qd7 18. Qc2 a5 19. Nf1 Nh7 20. Ne3 Nf8 21. Red1
Qc6 22. Rab1 Ba6 23. Qb3 1/2-1/2

[Event "8th Sharjah Masters 2025"]
[Site "Sharjah UAE"]
[Date "2025.05.18"]
[Round "2.40"]
[White "Tarhan, Adar"]
[Black "Petkov, Momchil"]
[Result "1/2-1/2"]
[WhiteTitle "IM"]
[BlackTitle "GM"]
[WhiteElo "2472"]
[BlackElo "2524"]
[WhiteFideId "34544712"]
[BlackFideId "2921642"]
[EventDate "2025.05.17"]

1. d4 Nf6 2. c4 g6 3. Nc3 Bg7 4. e4 d6 5. Nf3 O-O 6. Be2 e5 7. dxe5 dxe5 8. Qxd8
Rxd8 9. Bg5 Re8 10. Nd5 Nxd5 11. cxd5 c6 12. Bc4 cxd5 13. Bxd5 Nd7 14. Nd2 Nc5
15. Be3 Nd3+ 16. Ke2 Nf4+ 17. Bxf4 exf4 18. Kf3 Be6 19. Nc4 f5 20. Rac1 fxe4+
21. Bxe4 Rad8 22. b3 b5 23. Na3 Bb2 24. Nxb5 Bxc1 25. Rxc1 Rd2 26. Rc5 Bf5 27.
Bxf5 gxf5 28. Nxa7 Ree2 29. Kxf4 Rxa2 30. Nc6 Rxf2+ 31. Ke5 Rxg2 32. Nd4 Kf7 33.
Nf3 Ra7 34. b4 Rb7 35. b5 Rb2 36. Nd4 Re7+ 37. Kd6 Re4 38. Nxf5 Kf6 39. Ng3 Re6+
40. Kc7 Re7+ 41. Kc6 Re6+ 42. Kc7 Re7+ 43. Kc6 Re6+ 1/2-1/2

[Event "8th Sharjah Masters 2025"]
[Site "Sharjah UAE"]
[Date "2025.05.18"]
[Round "2.41"]
[White "Ilamparthi, A R"]
[Black "Aswath, S"]
[Result "1-0"]
[WhiteTitle "IM"]
[BlackTitle "IM"]
[WhiteElo "2469"]
[BlackElo "2515"]
[WhiteFideId "45015775"]
[BlackFideId "46694919"]
[EventDate "2025.05.17"]

1. e4 c5 2. Nf3 d6 3. d4 cxd4 4. Nxd4 Nf6 5. Nc3 a6 6. Be3 e5 7. Nf3 Be7 8. Bc4
O-O 9. O-O Nc6 10. Bg5 Be6 11. Bb3 Nd7 12. Bxe7 Qxe7 13. Nd5 Qd8 14. c3 Ne7 15.
Ne3 Qc7 16. Bxe6 fxe6 17. Ng5 Rf6 18. Qg4 Rg6 19. Qh4 h6 20. Nh3 Nf6 21. Rae1
Rf8 22. Kh1 Qc6 23. f3 Rf7 24. Rd1 d5 25. exd5 exd5 26. Rfe1 b5 27. Qf2 e4 28.
Rf1 Nd7 29. Qe2 exf3 30. Rxf3 Rxf3 31. Qxf3 Rf6 32. Nf4 Kh8 33. Qg3 Nc5 34. Nh5
Rg6 35. Qf3 Qe8 36. h3 Rg5 37. Nf4 Ne4 38. Nexd5 Nf5 39. Nc7 Qe5 40. Nce6 Kh7
41. Rd8 Nfg3+ 42. Kh2 Rf5 43. Rh8+ Kxh8 44. Ng6+ Kg8 45. Nxe5 Nf1+ 46. Kg1 Rxf3
47. gxf3 Ned2 48. Kf2 Nh2 49. Ke2 Ndf1 50. b3 h5 51. c4 bxc4 52. bxc4 Ng3+ 53.
Kf2 h4 54. c5 1-0

[Event "8th Sharjah Masters 2025"]
[Site "Sharjah UAE"]
[Date "2025.05.19"]
[Round "3.1"]
[White "Indjic, Aleksandar"]
[Black "Visakh, N R"]
[Result "1/2-1/2"]
[WhiteTitle "GM"]
[BlackTitle "GM"]
[WhiteElo "2637"]
[BlackElo "2507"]
[WhiteFideId "911925"]
[BlackFideId "25012223"]
[EventDate "2025.05.17"]

1. Nf3 d5 2. c4 d4 3. b4 c5 4. Bb2 Nf6 5. g3 Nc6 6. b5 Na5 7. d3 b6 8. Bg2 Bb7
9. O-O g6 10. Nbd2 a6 11. a4 Bg7 12. Qc2 O-O 13. Rfe1 Qc7 14. e3 e5 15. exd4
exd4 16. Re2 Rae8 17. Rae1 Rxe2 18. Rxe2 Re8 19. Qd1 Qb8 20. Bc1 Rxe2 21. Qxe2
Qe8 22. Qe5 axb5 23. axb5 Qd8 24. Qe2 Qe8 25. Qe5 Qd8 1/2-1/2

[Event "8th Sharjah Masters 2025"]
[Site "Sharjah UAE"]
[Date "2025.05.19"]
[Round "3.2"]
[White "Dai, Changren"]
[Black "Maghsoodloo, Parham"]
[Result "1/2-1/2"]
[WhiteTitle "GM"]
[BlackTitle "GM"]
[WhiteElo "2531"]
[BlackElo "2706"]
[WhiteFideId "8608156"]
[BlackFideId "12539929"]
[EventDate "2025.05.17"]

1. d4 Nf6 2. c4 e6 3. Nf3 d5 4. Nc3 Nbd7 5. Bf4 dxc4 6. e3 c5 7. dxc5 Bxc5 8.
Bxc4 a6 9. Ne5 O-O 10. O-O Be7 11. Be2 Nxe5 12. Bxe5 Qa5 13. Qd4 Rd8 14. Qf4 Ne8
15. Ne4 Bd7 16. Bc3 Qc7 17. Qxc7 Nxc7 18. Ba5 Rdc8 19. Bf3 Bc6 20. Rfd1 Ne8 21.
Rac1 Bd5 22. Nc3 Bxf3 23. gxf3 b5 24. Rd7 Kf8 25. a3 Nf6 26. Rb7 Ke8 27. Ne2 Nd7
28. Rxc8+ Rxc8 29. Ra7 Ne5 30. f4 Nd3 31. Bc3 Nxb2 32. Bxb2 Rc2 33. Ra8+ Kd7 34.
Ra7+ Ke8 35. Ra8+ 1/2-1/2

[Event "8th Sharjah Masters 2025"]
[Site "Sharjah UAE"]
[Date "2025.05.19"]
[Round "3.3"]
[White "Giri, Anish"]
[Black "Pranav, Anand"]
[Result "1-0"]
[WhiteTitle "GM"]
[BlackTitle "GM"]
[WhiteElo "2738"]
[BlackElo "2555"]
[WhiteFideId "24116068"]
[BlackFideId "46626786"]
[EventDate "2025.05.17"]

1. Nf3 Nf6 2. g3 d5 3. Bg2 e6 4. O-O c5 5. d3 Nc6 6. a4 Be7 7. Bf4 Bd6 8. Bxd6
Qxd6 9. Nbd2 e5 10. e4 d4 11. Kh1 h6 12. Ng1 h5 13. Nc4 Qc7 14. Bh3 Bxh3 15.
Nxh3 h4 16. g4 Qd7 17. Rg1 O-O-O 18. f4 exf4 19. Qf3 Nh7 20. Qxf4 Nf8 21. Raf1
f6 22. Qf5 Ne6 23. Nf4 Nxf4 24. Rxf4 b6 25. g5 Qxf5 26. Rxf5 Ne7 27. Rf3 fxg5
28. Rxg5 g6 29. Rf7 Kd7 30. Rxg6 Rdf8 31. Ne5+ Ke8 32. Rxf8+ Rxf8 33. Rh6 Kd8
34. Kg2 Rg8+ 35. Kh3 Rg1 36. Rf6 Ra1 37. b3 Rc1 38. Rf2 Kc7 39. Kxh4 Kd6 40. Ng4
Nc6 41. Kg5 Nb4 42. h4 Nxc2 43. h5 Ne3 44. h6 Rg1 45. Rf4 Rh1 46. Kg6 Rh4 47.
Nxe3 Rxf4 48. Nf5+ Ke6 49. h7 Rg4+ 50. Kh5 1-0